Cloud Atlas /

Đã lưu trong:
Chi tiết về thư mục
Những tác giả chính: Heil, Reinhold (Nhà soạn nhạc), Hanks, Tom (Nhà soạn nhạc), Tykwer, Tom (Nhà soạn nhạc, Giám đốc, Nhà sản xuất, Người viết kịch bản), Klimek, Johnny (Nhà soạn nhạc)
Tác giả khác: Sturgess, Jim (Diễn viên), Wishaw, Ben (Diễn viên), Hill, Grant (Nhà sản xuất), Arndt, Stefan (Nhà sản xuất), Wachowski, Lilly (Giám đốc, Nhà sản xuất, Người viết kịch bản), Griebe, Frank (Nhiếp ảnh gia), Broadbent, Jim (Diễn viên), Toll, John, (1952-) (Nhiếp ảnh gia), Berry, Halle (Diễn viên), Weaving, Hugo (Diễn viên), Wachowski, Lana (Giám đốc, Nhà sản xuất, Người viết kịch bản)
Định dạng: Slide
Ngôn ngữ:Tiếng Italy
Tiếng Anh
Được phát hành: Milano : Eagle Pictures [distributore], 2013
Các nhãn: Thêm thẻ
Không có thẻ, Là người đầu tiên thẻ bản ghi này!

MARC

LEADER 00000ngm a22000007i 4500
001 IT\ICCU\VIA\0254123
003 ItRI
005 20260207231721.0
008 130628s2013 it |||||||||||||||k|||||c
024 3 1 |a 8031179936229 
028 4 2 |a 863622EVDO  |b Eagle Pictures 
040 |b ita  |c ct 
041 7 |a ita  |a eng  |2 ISO-639-2 
082 |a 791.43  |2 14 
130 0 |a Cloud Atlas <film ; 2012> 
245 0 0 |a Cloud Atlas /  |c written for the screen and directed by Lana Wachowski & Tom Tykwer & Andy Wachowski ; based on the novel by David Mitchell ; directors of photography John Toll, Frank Griebe ; music by Tom Tykwer, Johnny Klimek, Reinhold Heil ; produced by Grant Hill, Stefan Arndt, Lana Wachowssssski, Tom Tykwer, Andy Wachowski ; cast Tom Hanks, Halle Berry, Jim Broadbent ... [et al.]. 
260 |a Milano :  |b Eagle Pictures [distributore],  |c 2013 
300 |a 2 DVD-video (165 min) :  |b a colori, PAL ;  |c 12 cm  
500 |a Etichetta: Eagle Pictures 
500 |a Titolo del contenitore 
500 |a Descrizione basata sul contenitore 
500 |a Produzione: Germania/USA/Hong Kong/Singapore, 2012 
500 |a Contenuti speciali: Un film come nessun altro; Tutto è connesso; L'adattamento impossibile; L'essenza della recitazione; Astronavi, schiavi e sestetti; L'audace fantascienza di Cloud Atlas; L'eterno ritorno: amore, vita e desiderio in Cloud Atlas. 
700 1 |a Mitchell, David  |c  (omonimi non identificati)  |0 IT\ICCU\LO1V\011170  |4 ant 
700 1 |a Sturgess, Jim  |0 IT\ICCU\LO1V\346353  |4 act 
700 1 |a Wishaw, Ben  |0 IT\ICCU\LO1V\376498  |4 act 
700 1 |a Hill, Grant  |0 IT\ICCU\MODV\314971  |4 pro 
700 1 |a Arndt, Stefan  |0 IT\ICCU\MODV\346288  |4 pro 
700 1 |a Heil, Reinhold  |0 IT\ICCU\MODV\346289  |4 cmp 
700 1 |a Hanks, Tom  |0 IT\ICCU\RAVV\093984  |4 cmp 
700 1 |a Wachowski, Lilly  |0 IT\ICCU\RAVV\105486  |4 drt 
700 1 |a Wachowski, Lilly  |0 IT\ICCU\RAVV\105486  |4 pro 
700 1 |a Wachowski, Lilly  |0 IT\ICCU\RAVV\105486  |4 sce 
700 1 |a Tykwer, Tom  |0 IT\ICCU\RAVV\220865  |4 cmp 
700 1 |a Tykwer, Tom  |0 IT\ICCU\RAVV\220865  |4 drt 
700 1 |a Tykwer, Tom  |0 IT\ICCU\RAVV\220865  |4 pro 
700 1 |a Tykwer, Tom  |0 IT\ICCU\RAVV\220865  |4 sce 
700 1 |a Griebe, Frank  |0 IT\ICCU\RAVV\318843  |4 pht 
700 1 |a Broadbent, Jim  |0 IT\ICCU\UBOV\481400  |4 act 
700 1 |a Toll, John,  |d  (1952-)  |0 IT\ICCU\UBOV\483407  |4 pht 
700 1 |a Berry, Halle  |0 IT\ICCU\UBOV\490723  |4 act 
700 1 |a Weaving, Hugo  |0 IT\ICCU\UBOV\490894  |4 act 
700 1 |a Klimek, Johnny  |0 IT\ICCU\UBOV\824291  |4 cmp 
700 1 |a Wachowski, Lana  |0 IT\ICCU\VIAV\139085  |4 drt 
700 1 |a Wachowski, Lana  |0 IT\ICCU\VIAV\139085  |4 pro 
700 1 |a Wachowski, Lana  |0 IT\ICCU\VIAV\139085  |4 sce 
710 2 |a 01 Distribution  |0 IT\ICCU\DDSV\000014  |4 pbl 
942 |2 ddc  |c VM  |n 0 
952 |0 0  |1 0  |2 ddc  |4 0  |5 1  |6 VO_2125_000000000000000  |7 1  |9 28705  |a GE  |b GE  |d 2026-02-07  |i 17348  |l 0  |o VO 2125  |p BO17348  |r 2026-02-07 23:20:00  |t DVD 1  |w 2026-02-07  |y VM  |z FILM 
952 |0 0  |1 0  |2 ddc  |4 0  |6 VO_2125_000000000000000  |7 1  |9 28706  |a GE  |b GE  |d 2026-02-07  |i 17349  |l 0  |o VO 2125  |p BO17349  |r 2026-02-07 23:22:00  |t DVD 2  |w 2026-02-07  |y VM  |z EXTRA 
999 |c 24358  |d 24358